| 000 | 01973nam0a2200421 4500 | ||
|---|---|---|---|
| 001 | RU\NLR\bibl\1701449 | ||
| 005 | 20260608062653.0 | ||
| 010 |
_a978-5-9901347-3-7 _9200 |
||
| 021 |
_aRU _b2010-79047 _95271 |
||
| 035 | _a(NLR Aleph) 001692525 | ||
| 090 |
_a1169787 _c1169787 |
||
| 100 | _a20101118d2010 |||y0rusy50 ca | ||
| 101 | 0 | _arus | |
| 102 | _aRU | ||
| 105 | _ay ||||||||| | ||
| 200 | 1 |
_aКрасный Иран _e(Петр Усачев, Рудольф Абих и Велимир Хлебников) _e[документальная повесть] _fЮрий Чуйков |
|
| 205 | _a2-е изд. | ||
| 210 |
_aАстрахань _cИзд-во Нижневолжского экоцентра _d2010 |
||
| 215 |
_a76 с. _d21 |
||
| 600 | 1 |
_aХлебников _bВ.В. _f1885 - 1922 _gВелимир Владимирович _xв художественной литературе _92070403 _3RU\NLR\auth\661245122 |
|
| 600 | 1 |
_aУсачев _bП.И. _f1890 - 1980 _gПетр Иванович _92625985 _3RU\NLR\auth\661562545 |
|
| 600 | 1 |
_aАбих _bР.П. _f1901 - 1940 _gРудольф Петрович _92626055 _3RU\NLR\auth\661562615 |
|
| 686 | _aШ6(2=Р)8-448 | ||
| 686 | _aШ5(2=Р)53-4Хлебников | ||
| 686 | _aЧ612.3(2)7-8Усачев | ||
| 686 | _aЦ68,6(2)-243дАбих | ||
| 700 | 1 |
_4070 _7ca _8rus _aЧуйков _bЮ. С. _f1950- _gЮрий Сергеевич _986506 _3RU\NLR\auth\77103581 |
|
| 702 | 1 |
_aУсачев _bП. И. _f1890-1880 _gПетр Иванович _4570 |
|
| 702 | 1 |
_4570 _7ca _8rus _aАбих _bР. П. _f1901-1940 _gРудольф Петрович _9193417 _3RU\NLR\AUTH\770193468 |
|
| 702 | 1 |
_4570 _7ca _8rus _aХлебников _bВ. _f1885-1922 _gВелимир _9119416 _3RU\NLR\auth\779596 |
|
| 801 | 0 |
_aRU _bNLR _c20101118 _gRCR |
|
| 801 | 1 |
_aRU _bNLR _c20101118 |
|
| 942 | _cBOOK | ||
| 980 | _aNB | ||